logo

Bir Sreshtho Munshi Abdur Rouf Library
Jhenaidah Cadet College

আমার মা সব জানে / (Record no. 10622)

MARC details
000 -LEADER
fixed length control field 00693nam a2200229 a 4500
001 - CONTROL NUMBER
JCCL Control Number 10622
003 - CONTROL NUMBER IDENTIFIER
JCCL marc code BD-JhCC
005 - DATE AND TIME OF LATEST TRANSACTION
control field 20200219134008.0
008 - FIXED-LENGTH DATA ELEMENTS--GENERAL INFORMATION
fixed length control field 180730s20141992ii |||| |||| 000 0 ben d
020 ## - INTERNATIONAL STANDARD BOOK NUMBER
International Standard Book Number 8172151195
035 ## - SYSTEM CONTROL NUMBER
system control number (BD-JhCC)10622
040 ## - CATALOGING SOURCE
Original cataloging agency BD-JhCC
Modifying agency BD-JhCC
041 ## - LANGUAGE CODE
Language code of Book ben
082 ## - DEWEY DECIMAL CLASSIFICATION NUMBER
Classification number 001
Author mark and Year BOR 2014
100 ## - MAIN ENTRY--PERSONAL NAME
Personal name বর্ধন, অদ্রীশ
245 ## - TITLE STATEMENT
Title আমার মা সব জানে /
Statement of responsibility, etc অদ্রীশ বর্ধন,
260 ## - PUBLICATION, DISTRIBUTION, ETC. (IMPRINT)
Place of publication, distribution, etc ঢাকা :
Name of publisher, distributor, etc আনন্দ,
Date of publication, distribution, etc 2014
300 ## - PHYSICAL DESCRIPTION
Pagination ১-৩ খন্ড :
Dimensions ২১ সেমি.
650 ## - SUBJECT ADDED ENTRY--TOPICAL TERM
Topical term or geographic name as entry element General Knowledge
650 ## - SUBJECT ADDED ENTRY--TOPICAL TERM
Topical term or geographic name as entry element সাধারণ জ্ঞান
942 ## - ADDED ENTRY ELEMENTS (KOHA)
Source of classification or shelving scheme Dewey Decimal Classification
Koha item type Books
Koha issues (borrowed), all copies 7
Holdings
Source of classification or shelving scheme volume number Damaged status Not for loan Home library Current library Shelving location Date of accession Cost, normal purchase price Total Checkouts Full call number Barcode Date last seen Date checked out Copy number Koha item type
Dewey Decimal Classification V-1     JCC Rouf Library JCC Rouf Library General Stacks 07/30/2018 150.00 1 001 BOR 2014 14346 02/10/2020 02/03/2020 C-1 Books
Dewey Decimal Classification V-2     JCC Rouf Library JCC Rouf Library General Stacks 07/30/2018 200.00 2 001 BOR 2016 14348 02/23/2020 02/18/2020 C-1 Books
Dewey Decimal Classification V-2     JCC Rouf Library JCC Rouf Library General Stacks 07/30/2018 200.00   001 BOR 2016 14347 07/30/2018   C-2 Books
Dewey Decimal Classification V-3     JCC Rouf Library JCC Rouf Library General Stacks 07/30/2018 250.00 3 001 BOR 2016 14350 02/26/2025 02/20/2025 C-1 Books
Dewey Decimal Classification V-3     JCC Rouf Library JCC Rouf Library General Stacks 07/30/2018 250.00   001 BOR 2016 14349 07/30/2018   C-2 Books

JCC Library | Contacts | JCC Home

Last Update on 23 September 2017
Copyright @ 2017-2020 JCC Rouf Library
Rouf Library, Jhenidah Cadet College (JCC), Bangladesh